000
00429nam a2200145Ia 4500
008
100122s9999 xx 000 0 und d
082
_b
52171
_a
612
100
_a
जोशी नारायण
245
_a
मानवी शरीर
260
_b
जिज्ञासा प्रकाशन
_c
1995
300
_a
57
630
_a
मानवी शरीर
730
_a
मानवी शरीर
942
_c
BOOK
999
_c
429442
_d
429439